| 000 | 006430000a22001930004500 | ||
|---|---|---|---|
| 090 |
_aAR _b00456 |
||
| 245 | 1 | 0 | _aTent construction and use by Uroderma bilobatum in coconut palms (<Cocos nucifera>) in Costa Rica |
| 650 | 1 | 4 |
_aMurciélagos _92659 |
| 650 | 1 | 4 |
_aUso del habitat _93825 |
| 650 | 1 | 4 |
_aRelación planta-animal _992861 |
| 651 | 4 |
_pCosta Rica _992749 |
|
| 653 |
_gUroderma _eUroderma bilobatum |
||
| 653 |
_gCocos _eCocos nucífera |
||
| 041 | 0 | _aInglés | |
| 700 | 1 |
_aLewis, Susan E. _993450 |
|
| 100 | 1 |
_aTimm, Robert M. _993403 |
|
| 942 | _cARTICULO | ||
| 773 | 1 |
_tBulletin American Museum of Natural History _3179 _h206 _q251-260 _d1991 |
|
| 999 |
_c9552 _d9552 |
||